The Microfinance Revolution (Record no. 3425)

MARC details
000 -LEADER
fixed length control field 00811cam a22002774a 4500
001 - CONTROL NUMBER
control field 12364487
003 - CONTROL NUMBER IDENTIFIER
control field OSt
005 - DATE AND TIME OF LATEST TRANSACTION
control field 20170424190018.0
008 - FIXED-LENGTH DATA ELEMENTS--GENERAL INFORMATION
fixed length control field 010330m20019999dcua b i001 0 eng
010 ## - LIBRARY OF CONGRESS CONTROL NUMBER
LC control number 2001026146
020 ## - INTERNATIONAL STANDARD BOOK NUMBER
International Standard Book Number 0821345249
040 ## - CATALOGING SOURCE
Original cataloging agency DLC
Transcribing agency DLC
Modifying agency DLC
042 ## - AUTHENTICATION CODE
Authentication code pcc
043 ## - GEOGRAPHIC AREA CODE
Geographic area code d------
050 00 - LIBRARY OF CONGRESS CALL NUMBER
Classification number HG178.33.D44
Item number R63 2001
082 00 - DEWEY DECIMAL CLASSIFICATION NUMBER
Classification number 332.2
Edition number 21
Item number ROB 2001
100 1# - MAIN ENTRY--PERSONAL NAME
Personal name Robinson, Marguerite S.
9 (RLIN) 7639
245 14 - TITLE STATEMENT
Title The Microfinance Revolution
260 ## - PUBLICATION, DISTRIBUTION, ETC. (IMPRINT)
Place of publication, distribution, etc. Washington, D.C;
Name of publisher, distributor, etc. Open Society Institute
Date of publication, distribution, etc. 2001-2002
300 ## - PHYSICAL DESCRIPTION
Extent v. <1-2 > :
Other physical details ill. ;
Dimensions 28 cm.
504 ## - BIBLIOGRAPHY, ETC. NOTE
Bibliography, etc Includes bibliographical references and index.
650 #0 - SUBJECT ADDED ENTRY--TOPICAL TERM
Topical term or geographic name as entry element Microfinance
9 (RLIN) 7640
650 #0 - SUBJECT ADDED ENTRY--TOPICAL TERM
Topical term or geographic name as entry element Financial institutions
9 (RLIN) 7642
906 ## - LOCAL DATA ELEMENT F, LDF (RLIN)
a 7
b cbc
c orignew
d 1
e ocip
f 20
g y-gencatlg
942 ## - ADDED ENTRY ELEMENTS (KOHA)
Source of classification or shelving scheme Dewey Decimal Classification
Koha item type Short Loan
Holdings
Withdrawn status Lost status Source of classification or shelving scheme Damaged status Not for loan Home library Current library Date acquired Inventory number Total Checkouts Full call number Barcode Date last seen Koha item type
    Dewey Decimal Classification     MUST Main Library MUST Main Library 08/04/2016 03/17912   332.2 ROB 2001 2016-0648 08/04/2016 Short Loan
    Dewey Decimal Classification     MUST Main Library MUST Main Library 13/04/2016 03/17911   332.2 ROB 2001 2016-0804 13/04/2016 Short Loan